01244nam a2200325 i 4500001001000000003000900010005001700019007000300036008004100039020001500080040003000095082002400125245014500149264006100294300002800355336002700383337003300410338002800443500007400471650002900545650003300574650003700607650003200644650004000676650003700716700003600753700003400789700003600823710005900859000008569DO-SdBNP20260427114649.0ta090917s2002 cu 000 j spa d a9592094195 aDO-SdBNPbspacBNPHUerda 4aCu863.08bM953c22200aMujeres como islas :bantología de narradores cubanas, dominicanas y puertorriqueñas /cedición, Olga Marta Pérez, Thelma Jiménez. 1aLa Habana, Cuba :bFerilibro:bEdiciones Unión,c2002. a202 páginas ;c20 cm. 2rdacontentatextobtxt 2rdamediaasin mediaciónbn 2rdacarrieravolumenbnc aIncluye referencias bibliográficas y notas al pie de las páginas. 4aCuentos cubanosxAutoras 4aCuentos dominicanosxAutoras 4aCuentos puertorriquenosxAutoras 4aLiteratura cubanaySiglo XX 4aLiteratura puertorriquenaySiglo XX 4aLiteratura dominicana ySiglo XX1 aPérez, Olga Marta,eedición1 aJiménez, Thelma,eedición1 aBlanco D., Andrés,eedición2 aFeria Internacional del Libro (República Dominicana)